Electronic Circuit Discrete and Integrated, 3rd Ed (Record no. 398081)
[ view plain ]
| 000 -LEADER | |
|---|---|
| fixed length control field | 00430 a2200157 4500 |
| 082 ## - DEWEY DECIMAL CLASSIFICATION NUMBER | |
| Classification number | 621.3817SCH |
| 090 ## - LOCALLY ASSIGNED LC-TYPE CALL NUMBER (OCLC); LOCAL CALL NUMBER (RLIN) | |
| -- | 21466 |
| -- | 21466 |
| 100 ## - MAIN ENTRY--PERSONAL NAME | |
| Personal name | Schilling, Donald |
| 245 ## - TITLE STATEMENT | |
| Title | Electronic Circuit Discrete and Integrated, 3rd Ed |
| Statement of responsibility, etc. | Donald Schilling |
| 250 ## - EDITION STATEMENT | |
| Edition statement | 3 |
| 260 ## - PUBLICATION, DISTRIBUTION, ETC. | |
| Place of publication, distribution, etc. | N.Y |
| Name of publisher, distributor, etc. | McGraw-Hill |
| Date of publication, distribution, etc. | 1989 |
| 300 ## - PHYSICAL DESCRIPTION | |
| Extent | 946 p. |
| Other physical details | photocopy |
| 500 ## - GENERAL NOTE | |
| General note | BE textbook Avionics |
| 600 ## - SUBJECT ADDED ENTRY--PERSONAL NAME | |
| Personal name | Charles Belove |
| 942 ## - ADDED ENTRY ELEMENTS (KOHA) | |
| Institution code [OBSOLETE] | NUST-CAE |
| Call number prefix | 621.3817SCH |
| Withdrawn status | Lost status | Damaged status | Not for loan | Permanent Location | Current Location | Date acquired | Total Checkouts | Full call number | Barcode | Date last seen | Price effective from | Koha item type |
|---|---|---|---|---|---|---|---|---|---|---|---|---|
| College of Aeronautical Engineering (CAE) | College of Aeronautical Engineering (CAE) | 03/29/2018 | 621.3817SCH | CAE57851 | 03/29/2018 | 03/29/2018 | Book | |||||
| College of Aeronautical Engineering (CAE) | College of Aeronautical Engineering (CAE) | 03/29/2018 | 621.3817SCH | CAE68589 | 03/29/2018 | 03/29/2018 | Book | |||||
| College of Aeronautical Engineering (CAE) | College of Aeronautical Engineering (CAE) | 03/29/2018 | 621.3817SCH | CAE56217 | 03/29/2018 | 03/29/2018 | Book | |||||
| College of Aeronautical Engineering (CAE) | College of Aeronautical Engineering (CAE) | 03/29/2018 | 621.3817SCH | CAE68584 | 03/29/2018 | 03/29/2018 | Book |
